| 000 | 00651nam a2200217 a 4500 | ||
|---|---|---|---|
| 005 | 20140310183616.0 | ||
| 008 | 120903s19uu xx 00 eng d | ||
| 020 | _a9781412908849 | ||
| 050 |
_aHB 615 _b.D67 2010 |
||
| 100 | _aDown, Simon | ||
| 245 |
_aEnterprise, entrepreneurship and small business / _cSimon Down. |
||
| 260 |
_aLos Angeles, CA : _bSAGE, _c2010. |
||
| 300 |
_a234 p. : _bill. ; _c25 cm. |
||
| 500 | _aIncludes bibliographical references (p. 219-230) and index | ||
| 521 | _aBSBA | ||
| 650 | _aEntrepreneurship | ||
| 650 | _aSmall business | ||
| 650 | _aNew business enterprises | ||
| 942 |
_cBK _2lcc _kFOR |
||
| 999 |
_c25325 _d25325 |
||